Συγκριτική ανάλυση της πορείας των τεχνολογικών διδακτορική διατριβή

Αποθηκεύτηκε σε:
Λεπτομέρειες βιβλιογραφικής εγγραφής
Κύριος συγγραφέας: Δαρδαμάνη, Δήμητρα
Συγγραφή απο Οργανισμό/Αρχή: Πανεπιστήμιο Αιγαίου. Σχολή Κοινωνικών Επιστημών. Τμήμα Γεωγραφίας
Μορφή: Thesis Βιβλίο
Γλώσσα:Greek
Δημοσίευση: 2009
Θέματα:
Διαθέσιμο Online:http://hdl.handle.net/11610/10812
Ετικέτες: Προσθήκη ετικέτας
Δεν υπάρχουν, Καταχωρήστε ετικέτα πρώτοι!

MARC

LEADER 00000cam a2200000 i 4500
001 1/10036
008 100825s2009 gre d
035 |l 10108863 
040 |a GR-MY-UA  |b gre  |e aacr 
041 0 |a gre 
082 0 |a 338.4  |2 (22) 
100 1 |a Δαρδαμάνη, Δήμητρα. 
245 1 0 |a Συγκριτική ανάλυση της πορείας των τεχνολογικών / επιστημονικών πάρκων στην Ελλάδα :  |b διδακτορική διατριβή /  |c Δαρδαμάνη Δήμητρα 
260 |c 2009 
300 |a 474 σ.;  |c 30 εκ. 
502 # # |a Διατριβή (διδακτορική) – Πανεπιστήμιο Αιγαίου, Λέσβος, 2009. 
504 |a Βιβλιογραφία: σ. 425-454, παράρτημα 
650 0 0 |a Information technology parks. 
650 0 0 |a Research parks  |z Greece. 
650 0 0 |a Industrialization  |x Effect of technological innovations on. 
650 0 0 |a Economic development  |x Effect of technological innovations on. 
650 0 0 |a Dissertations, Academic  |z Greece. 
710 2 |a Πανεπιστήμιο Αιγαίου.   |b Σχολή Κοινωνικών Επιστημών.   |b Τμήμα Γεωγραφίας. 
852 |a INST  |b LESVOS  |c DIATR  |e 20100825  |h 290  |p 005100048473  |q 005100048473  |t PHD  |y 23 
852 |a INST  |b LESVOS  |c DIATR  |e 20100825  |h 291  |p 005100048474  |q 005100048474  |t PHD  |y 23 
856 |u http://hdl.handle.net/11610/10812 
901 |a BIBL1-2010-2 
909 |a Λ  |b 166473 
909 |a Λ  |b 166474 
924 |a ΔΑΡΔΑΜΑΝΗ  |b ΔΗΜΗΤΡΑ  |y ΛΕΣΒΟΣ  |z 2009-09 
970 |a ΤΖΑΦΕΡΗ  |b ΕΥΑΓΓΕΛΙΑ  |z 2010/08/25